|
|
|
|
| LEADER |
00900cam a2200229 7i4500 |
| 001 |
0000073429 |
| 005 |
20221214090000.0 |
| 020 |
|
|
|a 9780429399992 (electronic book)
|
| 090 |
0 |
0 |
|a D13
|b .H84 2022
|
| 100 |
1 |
|
|a Hughes-Warrington, Marnie
|
| 245 |
1 |
0 |
|a Big and little histories :
|b sizing up ethics in historiography
|c Marnie Hughes-Warrington, with Anne Martin.
|
| 264 |
|
|
|a London and New York:
|b Routledge ; Taylor & Francis Group,
|c 2022.
|
| 300 |
|
|
|a 1 online resource (xi, 209 pages):
|b text file, PDF.
|
| 336 |
|
|
|a text
|2 rdacontent
|
| 337 |
|
|
|a computer
|2 rdamedia
|
| 338 |
|
|
|a online resource
|2 rdacarrier
|
| 650 |
|
0 |
|a Historiography --
|x Moral and ethical aspects
|
| 650 |
|
0 |
|a Historians --
|x Professional ethics
|
| 655 |
|
0 |
|a Electronic books
|
| 700 |
1 |
|
|a Martin, Anne
|
| 856 |
4 |
2 |
|u http://library.unisel.edu.my/web/guest/mylibrary
|
| 999 |
|
|
|a EBO0015984
|b EBOOK
|c EBOOK
|e Electronic resources
|